LEADER 00738nam a2200193 i 4500 001 000000242406 003 CaOOAMICUS 005 20150604000000.0 008 150604s1825 it u000 u fre u 013 $a221311 026 $ateis iss; ret- IIPa (7) 1825 (A) 040 $aSeMil$bita 245 10$aTome 4. 300 $a359, [1] p. 500 $aSegn. : A-P12. 773 0 $aLambert, Joseph, <1654-1722>$tAnnée évangélique, ou Homélies sur les évangiles des Dim. et fêtes de l'année. Par Joseph Lambert ... Tome 1. [-7.].$dA Avignon : A. Chambeau fils, 1825.$g4$w()31981 850 $aSeMil 852 $aSeMil$W1$xVenegono$y1$m3F II 81 FA$j192752$B192752$CSeMilBibl$Z2$F203552 $8I 996 $6245$aTome 4$9(OLS)http://semarc/title/1585 LEADER 00913nam a2200205 i 4500 001 000000254405 003 CaOOAMICUS 005 20170606000000.0 008 170606s1826 it u000 u ita u 013 $a233310 026 $aiaSi iane o,a- chda (7) 1826 (A) 040 $aSeMil$bita 245 10$a42. 300 $a269, [3] p., [1] c. di tav. :$bill. 773 0 $aCrevier, Jean Baptiste Louis <1693-1765>$tStoria degli imperatori romani di Crevier e del Basso impero di Le Beau. Versione ridotta a lezione migliore arricchita di annotazioni di un indice generale, con incisioni in rame istoriche e geografiche. Vol. 1.[- 57.].$dVenezia : Dalla Tipografia di Alvisopoli, 1822-1828$g42$w()33725 850 $aSeMil 852 $aSeMil$W1$xVenegono$y1$m3V VII 91 FA$j204751$B204751$CSeMilBibl$Z2$F218277 $8I 941 1 $a10 961 $aRecupero: Mantegazza 996 $6245$a42$9(OLS)http://semarc/title/411005